00446 2200181 4500001002100000005001500021008004100036020001800077035001900095041000700114082001400121090001600135100001300151245003100164260003200195300001900227650001800246INLIS00000000000520220241224113045241224||||||||| | ||| |||| || |  a979-416-081-4 0010-1224005202 aid0 a741:05:00 a741.5 GOS K0 aGOSCINNY00aKISAH PERTUALANGAN ASTERIX bPustaka Sinar Harapanc2004 a48 HLM,;28,9CM 0aILMU OLAHRAGA